| 000 | 00874 a2200205 4500 | ||
|---|---|---|---|
| 003 | OSt | ||
| 005 | 20250331152703.0 | ||
| 008 | 241121b |||||||| |||| 00| 0 eng d | ||
| 020 | _a9788194727606 | ||
| 041 | _dEng. | ||
| 050 | _a610.73 | ||
| 100 | _aKalia, Raman | ||
| 245 | _aTextbook of Nursing Research & Biostatistics For Undergraduate Nursing Students | ||
| 250 | _a1 | ||
| 260 |
_bVision Health Science Publisher _c2020 _aMohali,Punjab |
||
| 300 | _a480 P. | ||
| 500 | _aThe syllabus of Indian Nursing Council (INC) for undergraduate and postgraduate nursing students,Online complementary access to power point lectures of each chapter.self-evaluation, each chapter consists of long, short and multiple-choice questions.self-evaluation, each chapter consists of long, short and multiple-choice questions. | ||
| 650 | _aNursing Research | ||
| 942 |
_2ddc _cBK |
||
| 999 |
_c362184 _d362184 |
||